| 000 | 00529nam a2200193Ia 4500 | ||
|---|---|---|---|
| 003 | GCL | ||
| 008 | 140319s9999 xx 000 0 eng d | ||
| 040 |
_aGCL / _cGCL |
||
| 082 | 0 | 4 |
_a338.7629 _bS H |
| 100 | 1 | _aSHOOK, ROBERT L | |
| 245 | 1 | 0 |
_aHONDA: AN AMERICAN SUCCESS STORY / _cSHOOK, ROBERT L |
| 260 |
_a[S.N] : _bPRENTICE HALL ، _c1988 |
||
| 300 | _a238 P | ||
| 650 | 0 | 4 | _aHONDA OF AMERICA |
| 650 | 0 | 4 | _aAUTOMOBILE INDUSTRY AND TRADE |
| 650 | 0 | 4 | _aJAPAN - INDUSTRY |
| 650 | 0 | 4 | _aMOTORCYCLE - INDUSTRY |
| 942 |
_2ddc _cBK |
||
| 999 |
_c19346 _d19346 |
||